Countries With The Most Portuguese Ancestry - Statistics

General Stats
  • This quiz has been taken 43 times
  • The average score is 20 of 25
Answer Stats
Total Country % Correct
174,0 mil Brazil
97%
1,45 mil United States
97%
448,000 Canada
94%
286,000 Angola
92%
395,000 United Kingdom
92%
1,25 mil Argentina
89%
9,85 mil Portugal
89%
134,000 Colombia
86%
3,60 mil France
86%
187,500 Germany
86%
156,000 Mexico
86%
223,000 Chile
83%
50,000 Peru
83%
200,000 Spain
83%
477,800 Uruguay
83%
1,33 mil Venezuela
81%
29,500 Bolivia
78%
49,500 Italy
78%
38,700 Paraguay
75%
68,500 Belgium
67%
45,000 Netherlands
67%
270,000 Switzerland
58%
115,000 South Africa
47%
22,000 Sweden
42%
102,000 Luxembourg
39%
No matching quizzes found
Score Distribution
Percent of People with Each Score
Percentile by Number Answered
Your Score History
You have not taken this quiz